Statistics for Modern Countries that Nazi Germany Conquered

Click here to take the quiz!

General Stats

  • This quiz has been taken 2,327 times
    (2,274 since last reset)
  • The average score is 21 of 27

Answer Stats

Country% Correct
France
98%
Poland
93%
Austria
92%
Belgium
92%
Denmark
90%
Netherlands
90%
Norway
88%
Czech Republic
87%
Italy
87%
Slovakia
86%
Russia
85%
Estonia
84%
Greece
84%
Latvia
84%
Lithuania
84%
Ukraine
84%
Luxembourg
83%
Belarus
80%
Hungary
80%
Romania
80%
Serbia
79%
Albania
69%
Moldova
59%
Montenegro
55%
Macedonia
53%
Monaco
52%
San Marino
49%

Score Distribution

Percentile by Number Answered

Percent of People with Each Score

Your Score History

You have not taken this quiz since the last reset